000 005960000a22002050004500
020 _a0-311-42057-5
041 0 _aSPA
082 0 4 _aG 253 F2632s
100 1 _aFaulkner, Brooks R.
245 1 0 _aEl secreto del éxito pastoral / Brooks R. Faulkner ; Tito Fafasuli, Traductor
250 _a4
260 _aEl Paso, TX., USA : Casa Bautista de Publicaciones
300 _a128 Pag
500 _aTítulo original : Getting on top of your work
001 6278
942 _cBK
999 _c36551
_d36551
336 _atexto
_btxt
_2rdacontent
337 _2rdamedia
_asin mediación
_bn
338 _2rdacarrier
_avolumen
_bnc